Origen y evolución de la colonización de ciertos predios rústicos /
Descripción Física:
Il·lustracions
Colección:
San Jorge,
; núm. 12 (octubre 1953), pàg 80-86
Idioma:
Español
MARC
| LEADER | 00000naa a2200000 a 4500 | ||
|---|---|---|---|
| 003 | Arxiu | ||
| 005 | 20260324181039.0 | ||
| 008 | 160829s1953 spcaxx s spa c | ||
| 040 | |a agdb | ||
| 100 | 1 | |a Vilardaga Pujol, José Ma. |q (José Maria), |d 1886-1967 |9 29685 | |
| 245 | 1 | 0 | |a Origen y evolución de la colonización de ciertos predios rústicos / |c por José M.ª Vilardaga Pujol, diputado provincial |
| 300 | |b Il·lustracions | ||
| 490 | |a San Jorge, |v núm. 12 (octubre 1953), pàg 80-86 | ||
| 650 | 0 | |a Propietat agrícola |9 31082 |z Pirineus | |
| 650 | 0 | |a Colònies agrícoles |9 31083 |z Pirineus | |
| 773 | |g Núm. 12 (octubre 1953), pàg 80-86 |t San Jorge. | ||
| 901 | |a Arxiu | ||
| 942 | |n 1 |2 udc |c ART | ||
| 952 | |0 0 |1 0 |4 0 |6 REV508 |7 1 |9 64480 |a Arxiu |b Arxiu |d 2022-11-30 |o Rev-508 |r 2022-11-30 00:00:00 |w 2022-11-30 |y ARXIU |z També disponible a Rev-522 | ||
| 999 | |c 48812 |d 48812 | ||